Score 0/22 Timer 03:00
0 Plays Today
Hint 4-Letter Word % Correct
Barbie or Cabbage Patch, e.g.DOLL
96.1%
Connery who played 'James Bond'SEAN
95.9%
Put something up for purchaseSELL
95.6%
Protector of broken bonesCAST
94.7%
'The Farmer in the ___'DELL
93.9%
Singer who was married to Heidi KlumSEAL
93.3%
Price to purchaseCOST
92.7%
A time to get deals at a storeSALE
92.5%
IdenticalSAME
91.7%
A young horseCOLT
90.3%
UncoolLAME
88.5%
Hint 4-Letter Word % Correct
A thick-headed personDOLT
88.4%
A job for a lawyerCASE
88.1%
NaClSALT
87.8%
Result of hitting your head hardLUMP
86.8%
Household emitter of lightLAMP
86.5%
With first rung, an extreme activity with a parachuteJUMP
86%
A turn in TwisterSPIN
74.1%
With final rung, an extreme activity with a parachuteBASE
71.1%
ExpectorateSPIT
69.3%
French for 'She Knows': Elle ___SAIT
67.5%
What the 3rd letter in the [First Rung] stands forSPAN
67.1%

Today's Daily Dose

Remove Ads.
Support Sporcle.
Get the best of Sporcle when you Go Orange. This ad-free experience offers more features, more stats, and more fun while also helping to support Sporcle. Thank you for becoming a member.

You're not logged in!

Compare scores with friends on all Sporcle quizzes.
OR
Log In

Show Comments

Extras

Top Quizzes Today


Score Distribution

Your Account Isn't Verified!

In order to create a playlist on Sporcle, you need to verify the email address you used during registration. Go to your Sporcle Settings to finish the process.

Report this User

Report this user for behavior that violates our Community Guidelines.

Details: